000 00964cam a2200301 i 4500
001 016424682
003 EG-ScBUE
005 20230411092156.0
008 130425s2013 enka f d 001 0 eng d
020 _a9781781579893 (pbk.)
040 _aStDuBDS
_beng
_erda
_cStDuBDS
_dEG-ScBUE
082 0 4 _a778.6
_222
_bFRE
100 1 _aFreeman, Michael,
_d1945-
_eauthor.
_938165
245 1 4 _aThe colour photography field guide :
_bthe essential guide to colour for striking digital images /
_cMichael Freeman.
264 1 _aLewes :
_bIlex Press,
_c2013.
300 _a192 pages :
_bcolor illustrations ;
_c16 cm
336 _2rdacontent
_atext
_btxt
337 _2rdamedia
_aunmediated
_bn
338 _2rdacarrier
_avolume
_bnc
500 _aIncludes QR code.
500 _aIncludes glossary.
500 _aIncludes index.
650 7 _aColor photography.
_2BUEsh
651 _2BUEsh
653 _bCOMAME
_cJune2015
655 _vReading book
942 _2ddc
_cBB
999 _c19639
_d19611